| 000 | 00432nam a2200133Ia 4500 | ||
|---|---|---|---|
| 005 | 20260328104256.0 | ||
| 008 | 260328s9999||||xx |||||||||||||| ||und|| | ||
| 100 | _aRamírez, Cecilia | ||
| 245 | 0 |
_aExperiencia del Proceso de Diseño del aula a la praxis y de la praxis al aula. / _cCecilia Ramírez |
|
| 260 | _bUniversidad Pedagógica y Tecnológica de Colombia | ||
| 300 | _a174 p. | ||
| 650 | _aDISEÑO INDUSTRIAL | ||
| 942 | _cBK | ||
| 999 |
_c10423 _d10423 |
||